Central Library OPAC University of Rajshahi

Handbook on fish and crustacean diseases in the SAARC Region / (Record no. 62932)

MARC details
000 -LEADER
fixed length control field 00783nam a2200229 a 4500
001 - CONTROL NUMBER
control field 62932
003 - CONTROL NUMBER IDENTIFIER
rucl marc code BD-RjUL
005 - DATE AND TIME OF LATEST TRANSACTION
control field 20211209081137.0
008 - FIXED-LENGTH DATA ELEMENTS--GENERAL INFORMATION
fixed length control field 170126s2005 bg a|||| |||| 00| 0 eng d
020 ## - INTERNATIONAL STANDARD BOOK NUMBER
International Standard Book Number 9843228286
035 ## - SYSTEM CONTROL NUMBER
System control number (BD-RjUL)63060
040 ## - CATALOGING SOURCE
Original cataloging agency BD-RjUL
Language of cataloging eng
Transcribing agency BD-RjUL
Modifying agency BD-RjUL
041 ## - LANGUAGE CODE
Language code of text/sound track or separate title eng
082 ## - DEWEY DECIMAL CLASSIFICATION NUMBER
Edition number 23
Classification number 639.50954
Author mark and year HAN 2005
245 ## - TITLE STATEMENT
Title Handbook on fish and crustacean diseases in the SAARC Region /
Statement of responsibility, etc. Khabīra Āhameda, Dr.; W A G Sisira Kumara
260 ## - PUBLICATION, DISTRIBUTION, ETC. (IMPRINT)
Place of publication, distribution, etc. Dhaka :
Name of publisher, distributor, etc. SAARC Agricultural Information Centre,
Date of publication, distribution, etc. 2005.
300 ## - PHYSICAL DESCRIPTION
Pagination xii, 153 p. :
Illustrations ill. ;
Size 25 cm.
650 ## - SUBJECT ADDED ENTRY--TOPICAL TERM
Topical term or geographic name as entry element Crustacea
Form subdivision Diseases
General subdivision Handbooks, manuals, etc
Geographic subdivision South Asia
9 (RLIN) 188628
700 ## - ADDED ENTRY--PERSONAL NAME
Personal name Āhameda, Khabīra
Personal name Kumara, Sisira W. A. G
942 ## - ADDED ENTRY ELEMENTS (KOHA)
Source of classification or shelving scheme Dewey Decimal Classification
Koha item type Books
Holdings
Lost status Source of classification or shelving scheme Damaged status Not for loan Collection code Permanent Location Current Location Shelving location Date acquired Source of acquisition Cost, normal purchase price Total Checkouts Full call number Date last seen Copy number Koha item type
  Dewey Decimal Classification   Not For Loan Non-fiction Central Library, University of Rajshahi Central Library, University of Rajshahi Reading Room 21/09/2008 Dhaka, SAARC Agriculture centre 0.00   639.50954 HAN 2005 26/01/2017 C-1 Books